Biblioteca

La salvación que viene de abajo : (Registro nro. 69427)

Detalles MARC
000 -LÍDER
Campo fijo de descripción fija 01107nab a2200205 i 4500
001 - NÚMERO DE CONTROL
Campo de control 768714001
003 - IDENTIFICADOR DEL NÚMERO DE CONTROL
Campo de control CO-MdFUSB
005 - FECHA Y HORA DE LA ULTIMA TRANSACCIÓN
control field 20240430090726.0
008 - ELEMENTOS DE LONGITUD FIJA -- INFORMACIÓN GENERAL
Campo fijo de descripción fija -- Información general 240429b sp ||||| |||| 00| 0 spa d
040 ## - FUENTE DE CATALOGACIÓN
Idioma de catalogación spa
Agencia que realiza la transcripción CO-MdFUSB
Agencia que realiza la modificación CO-MdFUSB
041 ## - CÓDIGO DE IDIOMA
Código de idioma para texto/pista de sonido o título separado spa
100 ## - ASIENTO PRINCIPAL--NOMBRE PERSONAL
Nombre personal Sobrino, Jon,
Término relacionador autor
245 13 - TÍTULO
Título La salvación que viene de abajo :
Subtitulo hacia una humanidad humanizada
Mención de responsabilidad / Jon Sobrino
520 ## - NOTA DE RESUMEN, ETC.
Nota de sumario, etc. Este artículo titulado "rescate desde abajo", menciona que una civilización de la pobreza requiere el más alto nivel de contribución, pero sólo se desarrolla naturalmente en el mundo de los pobres. Además, busca reflexionar en dos cosas: La primera es que, aceptada la opción por los pobres, hay que dejarse salvar por ellos. Y la segunda es que enfocamos la salvación sobre todo como humanización.
650 #7 - ASIENTO SECUNDARIO DE MATERIA - TERMINO TEMÁTICO
Término temático o nombre geográfico como elemento de entrada Pobreza
9 (RLIN) 2466
650 #0 - ASIENTO SECUNDARIO DE MATERIA - TERMINO TEMÁTICO
Término temático o nombre geográfico como elemento de entrada Salvación
9 (RLIN) 48
653 ## - TÉRMINO DE INDIZACIÓN - NO CONTROLADO
Término no controlado Soteriológico y antropológico
773 0# - ASIENTO DE ITEM FUENTE
Biblionumber 49450
Itemnumber 60405
Otro identificador del ítem R0341
Título Revista internacional de teología Concilium
Número de control del registro (CO-MdFUSB)8
Número Internacional Normalizado para Publicaciones Seriadas (ISSN) 0210-1041
Parte(s) relacionada(s) / Volumen., número. (mes año), páginas Número 314, (febrero, 2006), páginas: 29 - 40
Enumeración y primera página página: 29
942 ## - TIPO DE MATERIAL (KOHA)
Tipo de Item KOHA Artículos de Revista

No hay ítems disponibles.

Biblioteca FUSBC | Teléfono: (57+4) 349 88 10 Ext. 141| WhatsApp (+57) 3005338115 
E-mail: biblioteca@unisbc.edu.co | Calle 76 87-14 Robledo Palenque, Medellín, Colombia

Con tecnología Koha